Dravé vtáky Slovenska vo fotografii
| Other Authors: | |
|---|---|
| Format: | Book |
| Language: | Slovak English German |
| PhysicalDescription: | 95 s. fareb. fotogr. 31 cm |
| Published: |
[Urmince]
Dansta
2007
|
| ISBN: | 9788096946112 (viaz.) |
| Edition: | 1. vyd. |
| Subjects: |
MARC
| LEADER | 00000nam a2200000 a 4500 | ||
|---|---|---|---|
| 001 | vtls009162557 | ||
| 003 | SK-MaSNL | ||
| 005 | 20260331204825.0 | ||
| 008 | 160129s2007 xo o g 000 0 slo | ||
| 015 | |a SNBA2007/11-05484 | ||
| 020 | |a 9788096946112 (viaz.) | ||
| 035 | |a 468AA970-5333-4584-8C2F-1A19A44510E1 | ||
| 035 | |a urn:nbn:sk:snk-amjvd4 | ||
| 035 | |a urn:nbn:sk:snk-am0080m9 | ||
| 040 | |a SNK |b slo |c SNK |e AACR2 | ||
| 041 | 0 | |a slo |a eng |a ger | |
| 043 | |a e-xo--- | ||
| 044 | |a xo |c SK | ||
| 072 | 7 | |a 59 |x Zoológia |2 konspekt | |
| 080 | |a (437.6) |2 2001 | ||
| 080 | |a (084.12) |2 2001 | ||
| 080 | |a 598.279 |2 2001 | ||
| 100 | 1 | |a Harvančík, Stanislav, |d 1958- |4 pht |9 109395 | |
| 245 | 1 | 0 | |a Dravé vtáky Slovenska vo fotografii |c Stanislav Harvančík |
| 246 | 1 | 1 | |a Birds of prey of Slovakia in pictures |
| 246 | 1 | 1 | |a Greifvögel der Slowakei im Bild |
| 250 | |a 1. vyd. | ||
| 260 | |a [Urmince] |b Dansta |c 2007 | ||
| 300 | |a 95 s. |b fareb. fotogr. |c 31 cm | ||
| 500 | |a Miesto vyd. podľa ISBN | ||
| 500 | |a Súbež. tir. angl. a nem. | ||
| 504 | |a Bibliogr. odkazy | ||
| 546 | |a Súbež. názov a text angl. a nem. | ||
| 650 | 0 | 7 | |a dravé vtáky |2 SNKPH |9 31255 |
| 651 | 7 | |a Slovensko |2 SNKPH |9 14231 | |
| 655 | 7 | |a fotografické publikácie |2 SNKPH |9 70483 | |
| 919 | |a 978-80-969461-1-2 | ||
| 958 | |a OND | ||
| 958 | |a NB | ||
| 968 | |d 56/59 | ||
| 999 | |c 1085047 |d 1086977 | ||
| 952 | |a SNK |b SNK |y PREZ |7 0 |p 17A0571452 |o snkSB 75328 |i snk2007/25869 |8 0 |0 0 |1 0 |4 0 |d 2007-11-26 |f 1 |l 0 |r 2025-04-28 00:00:00 |w 2026-02-24 | ||
| 952 | |a SNK |b SNK |y VYP |7 0 |p 17A0571451 |o snkSB 75328 D1 |i snk2007/25870 |8 0 |0 0 |1 0 |4 0 |d 2007-11-26 |l 0 |r 2016-06-30 00:00:00 |w 2026-02-24 | ||
| 952 | |t snkHAR 598.2 |a SNKUST |b SNKUST |y PREZ |7 0 |p 17A0570162 |o snkSB 75328 D2 |i snk2008/8278 |8 3 |g 18.42 |0 0 |1 0 |4 0 |d 2008-04-10 |l 0 |r 2025-03-19 00:00:00 |w 2026-02-24 | ||


